Концевые функции; Экономика и математические методы; Т. 40, вып. 2

書誌詳細
Parent link:Экономика и математические методы/ Российская академия наук (РАН), Центральный экономико-математический институт (ЦЭМИ).— , 1965-.— 0424-7388
Т. 40, вып. 2.— 2004.— С. 116-118
第一著者: Гатауллин Т. М.
言語:ロシア語
出版事項: 2004
シリーズ:Заметки и письма
主題:
フォーマット: 図書の章
KOHA link:https://koha.lib.tpu.ru/cgi-bin/koha/opac-detail.pl?biblionumber=456329

MARC

LEADER 00000naa2a2200000 4500
001 456329
005 20231101084555.0
035 |a (RuTPU)RU\TPU\prd\119540 
035 |a RU\TPU\prd\39149 
090 |a 456329 
100 |a 20110913a2004 k y0rusy50 ca 
101 0 |a rus 
102 |a RU 
200 1 |a Концевые функции  |f Т. М. Гатауллин 
225 1 |a Заметки и письма 
461 0 |0 (RuTPU)RU\TPU\prd\441  |x 0424-7388  |t Экономика и математические методы  |f Российская академия наук (РАН), Центральный экономико-математический институт (ЦЭМИ)  |d 1965- 
463 0 |0 (RuTPU)RU\TPU\prd\119530  |t Т. 40, вып. 2  |v С. 116-118  |d 2004 
610 1 |a концевые функции 
610 1 |a определение 
610 1 |a угловые точки 
610 1 |a характеристики концевых функций 
610 1 |a переменные 
700 1 |a Гатауллин  |b Т. М. 
801 1 |a RU  |b 63413507  |c 20051021  |g PSBO 
801 2 |a RU  |b 63413507  |c 20110913  |g RCR 
942 |c BK